| 000 | 02033na a2200445 4500 | ||
|---|---|---|---|
| 999 |
_c9056 _d9056 |
||
| 001 | 20380 | ||
| 003 | MIRAKIL | ||
| 005 | 20200706105931.0 | ||
| 008 | 170118b tu 000 0 | ||
| 035 | _a20380 | ||
| 040 |
_aMilas _btur _cTR-AnCHP |
||
| 041 | _atur | ||
| 082 |
_aCHP 324.2372026 _bC36y 2014 |
||
| 090 | _aBROŞÜR 416 | ||
| 110 | _aCumhuriyet Halk Partisi (CHP) | ||
| 222 | _aYönetmelikler | ||
| 245 |
_aCumhuriyet Halk Partisi Kongreler Yönetmeliği _b2014 _bİl ve İlçe Kongreleri ile Muhtarlık Bölgesi ve İlçe Kongreleri Delegelerinin Seçimi _cCHP |
||
| 246 | _aCHP Kongreler yönetmeliği | ||
| 246 | _aCHP yönetmeliği | ||
| 246 | _aCHP 2014 yönetmeliği | ||
| 246 | _aCumhuriyet Halk Partisi yönetmelik | ||
| 246 | _aCHP 2014 yönetmelikleri | ||
| 246 | _aCHP İl ve İlçe Kongreleri ile Muhtarlık Bölgesi ve İlçe Kongreleri Delegelerinin Seçimi yönetmeliği | ||
| 260 |
_aAnkara _bCHP _c2014 |
||
| 300 |
_a30 s. _c19x13 sm. |
||
| 440 |
_aCumhuriyet Halk Partisi yayınları _pYönetmelikler |
||
| 500 | _aDış kapak yapıt adı: Kongreler ((İl ve İlçe Kongreleri ile Muhtarlık Bölgesi ve İlçe Kongreleri Delegelerinin Seçimi) yönetmeliği | ||
| 500 | _aKütüphaneciden çevrimdışı versiyonu sağlanabilir. | ||
| 610 |
_aCumhuriyet Halk Partisi (CHP) _xYönetmelikler, 2014 |
||
| 610 |
_aCumhuriyet Halk Partisi (CHP) _xHukuk ve mevzuat _yYönetmelikler |
||
| 651 |
_aTürkiye _xSiyaset ve yönetim _y2014-2016 |
||
| 740 | _aKongreler ((İl ve İlçe Kongreleri ile Muhtarlık Bölgesi ve İlçe Kongreleri Delegelerinin Seçimi) yönetmeliği | ||
| 740 | _a2014 CHP Kongreler yönetmeliği | ||
| 740 | _a2014 CHP İl ve İlçe Kongreleri ile Muhtarlık Bölgesi Temsilcilerinin İlçe Kongreleri Delegelerinin Seçimi yönetmeliği | ||
| 830 | _aCHP yönetmelikleri | ||
| 942 |
_2ddc _cBKS |
||
| 999 | _d9056 | ||